| Tag |
First Indicator |
Second Indicator |
Subfields |
| LEADER |
00000cam a2200000 a 4500 |
| 001 |
in00001407088 |
| 005 |
20151020073123.0 |
| 008 |
810318s1982 nyu b 000 0 eng |
| 010 |
|
|
|a 81002601
|
| 020 |
|
|
|a 0393013847
|
| 020 |
|
|
|a 0393951383 (pbk.)
|
| 035 |
|
|
|a (OCoLC)07306043
|
| 035 |
|
|
|9 AHQ4059AM
|
| 040 |
|
|
|a DLC
|c DLC
|d TXA
|d UtOrBLW
|
| 049 |
|
|
|a TXAM
|
| 050 |
1 |
0 |
|a PR2352
|b .M3 1982
|
| 082 |
0 |
0 |
|a 821/.3
|2 19
|
| 100 |
1 |
|
|a Spenser, Edmund,
|d 1552?-1599.
|
| 240 |
1 |
0 |
|a Works.
|k Selections.
|f 1982
|
| 245 |
1 |
0 |
|a Edmund Spenser's poetry :
|b authoritative texts, criticism /
|c selected and edited by Hugh Maclean.
|
| 246 |
3 |
0 |
|a Poetry
|
| 250 |
|
|
|a 2nd ed.
|
| 264 |
|
1 |
|a New York :
|b Norton,
|c [1982]
|
| 264 |
|
4 |
|c ©1982
|
| 300 |
|
|
|a xvi, 748 pages ;
|c 21 cm.
|
| 336 |
|
|
|a text
|b txt
|2 rdacontent
|
| 337 |
|
|
|a unmediated
|b n
|2 rdamedia
|
| 338 |
|
|
|a volume
|b nc
|2 rdacarrier
|
| 490 |
1 |
|
|a A Norton critical edition
|
| 504 |
|
|
|a Bibliography: pages 738-748.
|
| 600 |
1 |
0 |
|a Spenser, Edmund,
|d 1552?-1599
|x Criticism and interpretation.
|
| 700 |
1 |
|
|a Maclean, Hugh,
|d 1919-
|
| 830 |
|
0 |
|a Norton critical edition.
|
| 948 |
|
|
|a c:rd
|
| 999 |
|
|
|a MARS
|
| 999 |
f |
f |
|s da7b92d4-92fb-31b4-a864-d5a8a6647554
|i eb8a4fe1-7ec3-3b84-b34b-3787a1d6c73a
|t 0
|
| 952 |
f |
f |
|p normal
|a Texas A&M University
|b College Station
|c Sterling C. Evans Library
|d Evans: Library Stacks
|t 0
|e PR2352 .M3 1982
|h Library of Congress classification
|i unmediated -- volume
|m A14823313275
|
| 998 |
f |
f |
|a PR2352 .M3 1982
|t 0
|l Evans: Library Stacks
|